zpět

Detail výsledku týmu

R.A.M., Jablonec nad Nisou

Datum a čas kvízu

15 Celkem bodů Celkový počet nahraných bodů na tomto kvízu bez doplňovacích otázek.
13. Pořadí na kvízu Konečné umístění týmu na tomto kvízu.

Zaznamenané odpovědi

# Otázka Odpověď Body Výsledky
1. Ve středu se v Česku uskutečni... 0
2. Ze spojenectví Damašku a Moskv... 0
3. Pořadatelé karlovarského filmo... 0
4. Minulý týden oslavila kulaté 7... 1
5. V pátek a v sobotu se v Klatov... 0
6. Ve kterém městě (má asi 50 000... 0
7. Velký úspěch minulý rok zaznam... 0
8. Olga Sommerová je od roku 2014... 0
9. Režisérka Helena Třeštíková na... 0
10. Seřaďte tyto dokumenty podle j... 0